Complete Companion to Banking English (Record no. 214216)

MARC details
000 -LEADER
fixed length control field 00597nam a22001937a 4500
005 - DATE AND TIME OF LATEST TRANSACTION
control field 20260116121314.0
010 ## - LCCN (DPL NO)
LC control number ENG-147510
020 ## - INTERNATIONAL STANDARD BOOK NUMBER
International Standard Book Number 9789367131008
Terms of availability 699.00
035 ## - SYSTEM CONTROL NUMBER
System control number EN-1310042
037 ## - SOURCE OF ACQUISITION
Source of stock number/acquisition DBAD
082 ## - DEWEY DECIMAL CLASSIFICATION NUMBER
Classification number 000
Edition number 1
245 ## - TITLE STATEMENT
Title Complete Companion to Banking English
250 ## - EDITION STATEMENT
Edition statement 1
260 ## - PUBLICATION, DISTRIBUTION, ETC. (IMPRINT)
Place of publication, distribution, etc Noida
Name of publisher, distributor, etc Pearson India Education
Date of publication, distribution, etc 2026
270 ## - ADDRESS
Address 15th Floor, Towe-B, World Trade Tower, Plot No.1, Block-C, Sector-16
City Noida
Postal code 201301
300 ## - PHYSICAL DESCRIPTION
Extent vpp.
Dimensions 25cm(pb)
500 ## - GENERAL NOTE
General note Useful for RBI, SBI, IBPS, RRBs and other Exams
942 ## - ADDED ENTRY ELEMENTS (KOHA)
Source of classification or shelving scheme Dewey Decimal Classification
Item type English Books
Classification part 000
Call number suffix BAN

No items available.


© Delhi Public Library
Hit Counter
free hit counter